[Event "Amber 2008 Blind"]
[Site "NICE"]
[Date "2008.03.15"]
[Round "1.1"]
[White "Mamedyarov, Shakhriyar"]
[Black "Morozevich, Alexander"]
[Result "1/2-1/2"]
[WhiteElo "2760"]
[BlackElo "2765"]
[Annotator "Ëåáåäåâ Âàñèëèé"]
[PlyCount "141"]

{Âïå÷àòëåíèÿ îò ýòîé ïàðòèè ó ìåíÿ îñòàëèñü òàêèå...} 1. d4 d5 2. c4 Nc6 {
Îïàíüêè! Çàùèòà ×èãîðèíà! Ñàìîãî! Ìèõàë! Èâàíû÷à! Ñêîëüêî æå Àëåêñàíäð å¸ íå
èãðàë? À âåäü äàâíåíüêî...} 3. Nc3 ({Âîò êàê ýòî áûëî -} 3. cxd5 Qxd5 4. e3 e5
5. Nc3 Bb4 6. Bd2 Bxc3 7. bxc3 Nf6 8. c4 Qd6 9. d5 Ne7 10. Qb1 O-O 11. e4 Nd7
12. Bb4 Nc5 13. Nf3 b6 14. Qb2 f5 15. Qxe5 Nd3+ 16. Bxd3 Qxb4+ 17. Nd2 Ng6 18.
Qd4 c5 19. dxc6 Nf4 20. e5 Qb2 $3 21. Qxf4 Qxa1+ 22. Bb1 Re8 23. O-O Qxe5 {
, è ÷¸ðíûå âûèãðàëè - 0-1 Ljubojevic,L (2570)  -Morozevich,A (2678)/Monte
Carlo 2003 (43)}) 3... dxc4 4. d5 Ne5 5. Qd4 Ng6 6. Qxc4 a6 7. Qb3 (7. Nf3 Nf6
8. e4 e5 9. dxe6 Bxe6 10. Qd4 h6 11. h4 Bg4 12. Be3 Bxf3 13. gxf3 Bd6 14. h5
Ne5 15. Be2 Nc6 16. Qc4 Qe7 17. a3 Be5 18. Rd1 O-O 19. Bd3 Rad8 20. Nd5 Nxd5
21. exd5 Nd4 22. Be4 c5 23. dxc6 {
(1/2 Agrest,E (2485) - Morozevich,A/Orel 1992). Ïî÷åìó íè÷üÿ?}) 7... Nf6 8.
Nf3 b5 $146 {Âàæíàÿ íîâèíêà, âîçðîæäàþùàÿ ýòî íàïðàâëåíèå (ÈÌÕÎ).} ({
Èáî ðàíåå, ÷¸ðíûì òóò ïðèõîäèëîñü ñëîæíîâàòî -} 8... Nd7 $6 9. Be3 $1 $16 Nge5
10. O-O-O g6 11. Nxe5 Nxe5 12. Bd4 Bh6+ 13. f4 $1 f6 14. e3 Nf7 15. Be2 O-O 16.
h4 Nd6 17. g4 {Îé, ÷òî äåëàåòñÿ..} Qe8 18. h5 e5 19. dxe6 Bxe6 20. Qc2 g5 21.
f5 Bf7 22. Bf3 Qe7 23. Kb1 Rfd8 24. Nd5 Bxd5 25. Bxd5+ Kh8 26. a4 Rab8 27. Ba7
Ra8 28. Bc5 Rab8 29. Qc3 Bf8 30. Ka1 h6 31. Rhe1 Bg7 32. e4 Qe8 33. Qb3 b6 34.
Bf2 b5 35. a5 b4 36. Rc1 Rb5 37. Rxc7 Rxa5+ 38. Kb1 Nb5 39. Rb7 Na3+ 40. bxa3
Rxa3 41. Qxb4 Bf8 42. Qb2 {(1-0 Najer,E (2615) - Maze,S (2470)/Warsaw 2005)}) (
8... e6 {- òîæå ñëèøêîì ðåçêî.} 9. dxe6 Bxe6 10. Qxb7 Bd6 11. Qc6+ Bd7 12. Qc4
O-O 13. g3 Re8 14. Bg2 Bb5 15. Nxb5 axb5 16. Qb3 Ra4 17. O-O c6 (17... Rxe2 18.
Qxb5 {è ò.ä.}) 18. Rd1 Ne4 19. Be3 Qf6 20. Rac1 $16 Rb4 21. Qc2 Rxb2 22. Qxc6
Qe7 23. Ng5 $5 (23. Nd4 $5 $18) 23... Nxg5 24. Qxd6 Qxd6 25. Rxd6 h6 26. Bc6
Rxe3 (26... Rc8 27. Rxg6 $1) (26... Rb8 27. f4 Rxe2 28. Ba7 $18) 27. fxe3 Rxe2
28. h4 Nh3+ 29. Kf1 Rf2+ 30. Ke1 Rxa2 ({èëè} 30... Ne5 31. Be4 f5 $140 32. Bd5+
Kf8 33. Rc8+ Ke7 34. Re6+ Kd7 35. Rxe5 Kxc8 36. Rxf5 $1 $18) 31. Rxg6 $1 Ra6 (
31... fxg6 32. Bd5+) 32. Rd6 {
(1-0 Schlosser,P (2523)-Benend,A (2107)/Baden 2000/EXT 2002)}) (8... b6 9. e4
e5 10. dxe6 Bxe6 11. Bc4 Bxc4 12. Qxc4 Bd6 13. Bg5 O-O 14. Nd5 b5 15. Qc2 Ne5 (
15... Be7 $5) {È òåïåðü íàäî áûë èãðàòü} 16. O-O-O $1 (16. Nd4 {
- 1/2 Kosyrev,V (2562) - Bromann,T (2378)/Internet ICC 2002 (45)}) 16... c6 17.
Nxf6+ gxf6 18. Bh6 Re8 19. Nh4 Qc7 20. Nf5 $16) 9. e4 e5 10. dxe6 Bxe6 {
Òåïåðü, â îòëè÷èå îò òîëüêî ÷òî ðàññìîòðåííûõ ïðèìåðîâ, áåëûå íè ñëîíà íà ñ4
âûâåñòè íå ìîãóò, íè ïåøêó íà b7 ñúåñòü. Ïðîáëåì ó ÷¸ðíûõ íåò.} 11. Qc2 Bd6
12. Be2 O-O 13. O-O h6 {
Ñïðàâåäëèâî ïîëàãàÿ, ÷òî ñëîíó ïðîòèâíèêà íà g5 - íå ìåñòî.} ({
Îñîáûõ âûãîä ïîñëå} 13... b4 14. Na4 Qe7 {íå âèäíî.}) 14. a3 ({
Â ñëó÷àå «öåíòðîâîãî»} 14. Rd1 $5 {, íàâåðíîå, ïîñëåäîâàëî áû} b4 {
, ïîñëå ÷åãî áåëûå, âèäèìî, ïðàêòè÷åñêè âûíóæäåíû èäòè íà ïðîáëåìíóþ
æåðòâó ïåøêó ðàäè äâóõ ñëîíîâ -} 15. e5 bxc3 16. exd6 cxb2 17. Bxb2 (17. dxc7 $4
Qxd1+ $1 $19) 17... cxd6 18. Qd2 d5 19. Rab1 $5 $44 {(íàâåðíîå).}) 14... Re8 ({
Íåïëîõî, ïî-ìîåìó, ñìîòðåëîñü è} 14... c5 $5 15. Rd1 Qe7 $36) 15. Rd1 Qe7 16.
Nd4 Bd7 {Äâóõ ñëîíîâ íàäî, ïî âîçìîæíîñòè, õîëèòü è ëåëåÿòü...} 17. Nf5 Bxf5 {
... à åñëè è ðàññòàâàòüñÿ ñ îäíèì èç íèõ, òî íå çà áåñïëàòíî.} 18. exf5 {
Ïî áîëüøîìó ñ÷¸òó, ó ÷¸ðíûõ òåïåðü - ëèøíÿÿ ïåøêà. È åñëè ñíÿòü âñå ôèãóðû ñ
äîñêè, òî ïåøå÷íûé ýíäøïèëü âûãëÿäèò «ïîäîçðèòåëüíî» âûèãðàííûì.} Ne5 19. h3
Rad8 20. Be3 ({Âðîäå áû ìîæíî áûëî «òêíóòü» ñáîêó} 20. a4 $5 {Ê ïðèìåðó,} b4
21. Ne4 $140 {È òåïåðü,} {êîíå÷íî, î÷åíü õî÷åòñÿ ñûãðàòü} Neg4 $5 {
, íî ÷åãî-òî ñóùåñòâåííîãî ÿ çäåñü çà ÷¸ðíûõ íå îáíàðóæèë. Íàîáîðîò -
ïîñòîÿííî «âûñêàêèâàëè», êàê øïàíà èç-çà óãëà, êàêèå-òî «áåëûå» íåïðèÿòíîñòè
-} 22. Nxf6+ ({ñëàáî} 22. Bxg4 Nxg4 23. Re1 Qh4 $1 $40) 22... Nxf6 {, åñëè} 23.
Bxa6 {, òî} Qe5 24. g3 Ne4 25. Bf4 Qxf5 {ñ íàðàñòàþùåé èíèöèàòèâîé ïëþñ
òåïåðü âîçìîæíû âñÿêèå òàêòè÷åñêèå øòó÷êè. Êàê-òî:} 26. Bb7 ({èëè} 26. Bxd6
b3 $1 27. Qe2 Nxd6 28. Qf1 Qf6 $15) 26... Rb8 ({ñëàáåå «ýôôåêòíîå»} 26...
Nxg3 $6 27. Qxf5 Nxf5 28. Bxd6 Rxd6 29. a5 {è ò.ä. - ïîïðîáóé-êà, îñòàíîâè})
27. Bxd6 Rxb7 28. Bf4 c5 29. a5 $1 $13) 20... Bc5 21. Rxd8 Rxd8 22. Bf4 Nc6 23.
Re1 {Òàêèå õîäû ãîâîðÿò î òîì, ÷òî, êàê ìèíèìóì, èíèöèàòèâó áåëûå ïîòåðÿëè.}
Nd4 24. Qb1 Re8 25. Kf1 {Âîò-âîò. Êîðîëü âûíóæäåí ñïåøèòü íà ïîìîùü. Ïðÿìî,
êàê ×èï è Äåéë, âìåñòå âçÿòûå.} Bd6 26. Be3 ({Ðàçìåí} 26. Bxd6 Qxd6 {
ïîçèöèþ áåëûõ òîëüêî óõóäøàë. Ãðîçèò Qh2. È, âèäèìî, ñëåäóåò ýòî äîïóñêàòü -}
27. Bd3 (27. Kg1 $2 Qe5 {, è êàê ðàçâÿçûâàòüñÿ?} 28. Kf1 Qh2 $19) 27... Qh2 28.
Rxe8+ Nxe8 29. f3 Nd6 $15 {, à ìîæåò, è ïîáîëåå òîãî...}) 26... Qe5 27. Bxd4
Qxd4 28. Bf3 $6 (28. Qd3 $142 $1) 28... Re5 $5 ({
Îòâåðãàÿ áàíàëüíûé âûèãðûø ïåøêè ïóò¸ì} 28... Rxe1+ 29. Qxe1 ({åñëè} 29. Kxe1 {
, òî} Bxa3 $1) 29... Qd3+ 30. Qe2 Qxf5 {è ò.ä.}) 29. Rxe5 ({
Áîëåå íàä¸æíûì âûãëÿäèò öåìåíòèðóþùåå ïîçèöèþ} 29. Ne4 {
, ïîñëå ÷åãî íåëüçÿ, êîíå÷íî,} Rxf5 {ââèäó} 30. Nxd6 Rxf3 31. gxf3 Qxd6 32.
Kg2 {è ò.ä. (} g6 (32... Nh5 $4 33. Re8+ {)}) 33. Qd1 Nd5 34. Re8+ Kh7 35. Kg1
$1 {è ò.ä.} ({íî íå} 35. Qd4 $4 Nf4+)) 29... Bxe5 30. Ne4 $2 {
Òåïåðü ýòî îêàçûâàåòñÿ ñîâñåì íå âîâðåìÿ, äà è íå ê ìåñòó...} Qc4+ $1 ({
Ñëàáåå, âèäèìî,} 30... Qxb2 31. Nxf6+ Bxf6 32. Qxb2 Bxb2 33. Bb7 Bxa3 34. Bxa6
b4 35. Bc4 {
, è áåëûå êîðîëü áåæèò íà ôåðçåâûé ôëàíã ãîðàçäî ñêîðåå ñâîåãî âèçàâè.}) 31.
Kg1 Bxb2 $5 {Êðàñèâûé óäàð, íî...} ({
..íî, óäàð ýòîò ñòîèëî, ïî-ìîåìó, ïðåäâàðèòü ðàçìåíîì -} 31... Nxe4 32. Bxe4 ({
ðàçóìååòñÿ, íå} 32. Qxe4 $4 Qc1+ {, è ìàò}) {È òîëüêî òåïåðü} 32... Bxb2 $1 33.
Bb7 ({â ñëó÷àå} 33. Qxb2 Qxe4 $19 {îöåíêà ïîçèöèè (ÈÌÕÎ) î÷åâèäíà - «-+».
Âåäü ÷¸ðíûå ëåãêî ñîçäàþò äâå ñâÿçàííûå ïðîõîäíûå íà ôåðçåâîì ôëàíãå}) 33...
Bxa3 34. Bxa6 c6 $17 {È î÷åíü õî÷åòñÿ ïîéìàòü ñîïåðíèêà â òàêóþ ëîâóøêó -}
35. Qe1 Bc5 36. Qe8+ Kh7 37. Qxc6 $4 Bxf2+ $1) 32. Nxf6+ Bxf6 33. g4 {
Ïî-ìîåìó, îøèáêà, îñòàâøàÿñÿ íåçàìå÷åííîé.} ({È} 33. Bb7 $142 $5 Qa4 $140 34.
Qd3 c5 35. Bd5 b4 36. Qc4 $132 {Âïðî÷åì, âñåðü¸ç àíàëèçèðîâàòü
«áûñòðóøå÷íûé» è «ñëåïîé» ýíäøïèëü - äåëî, ÿâíî íå ñòîÿùåå ñèë, íà ýòî
çàòðà÷èâàåìûõ. Íó, ðàçâå ÷òî åù¸ ïàðî÷êà çàìå÷àíèé...}) 33... Kf8 ({Õèòðûì
} 33... Qc3 $1 {÷¸ðíûå âûèãðûâàëè åù¸ îäíó ïåøêó...} 34. Qe4 Qxa3 35. Qe8+ Qf8
36. Qc6 {, è òåïåðü} Qc8 $1 {
ñîõðàíÿëî âñå âèäû ïåðåâåñà - ìàòåðèàëüíûé, ïîçèöèîííûé, ïñèõîëîãè÷åñêèé....})
34. Kg2 ({Íó, è ïîñëåäíèé ìîé «êîììåíò» â ýòîé èíòåðåñíîé è íåáåçîøèáî÷íîé
ïàðòèè. Ðàçìåí ôåðçåé ïóò¸ì} 34. Qb4+ Qxb4 35. axb4 {
â¸ë, íà ìîé âçãëÿä, ê òðóäíîìó (ìîæåò, áåçíàä¸æíîìó) îêîí÷àíèþ  -} Ke7 36.
Bb7 Bc3 (36... Kd6 37. Bxa6 c6 38. f4 Bc3 39. Kf2 Bxb4) 37. Bxa6 c6 {- ïîòîìó 
÷òî à) ó ÷¸ðíûõ äâå ñâÿçàííûå ïðîõîäíûå è á) èõ êîðîëü óæå íà ìåñòå...}) {
À â ïàðòèè âûèãðàòü ÷¸ðíûì íå óäàëîñü...} 34... Be7 35. Qd1 Bd6 36. Bd5 Qf4
37. Qb3 c5 38. Qc3 h5 39. Qf3 Qxf3+ 40. Kxf3 c4 41. a4 $1 c3 42. Bb3 bxa4 43.
Bxa4 h4 44. Ke4 Ke7 45. Kd5 Bf4 46. Kc4 Bd2 47. Kd5 a5 48. Kc6 g6 49. fxg6 fxg6
50. Kd5 Kf6 51. Bc2 g5 52. Ba4 Be1 53. f3 Bf2 54. Bc2 Ke7 55. Ba4 Bg1 56. Ke5
Bh2+ 57. Kd5 Bb8 58. Bc2 Kd7 59. Ba4+ Kc7 60. Kc5 Ba7+ 61. Kd5 Be3 62. Ke4 Bc1
63. Kd5 Kb6 64. Kc4 Bd2 65. Kd4 c2 66. Bxc2 Kb5 67. Bh7 Kb4 68. Bg8 a4 69. Kd3
Bf4 70. Bf7 Ka3 71. Kc2 1/2-1/2

[Event "Amber 2008 Blind"]
[Site "NICE"]
[Date "2008.03.15"]
[Round "1.1"]
[White "Aronian, Levon"]
[Black "van Wely,  Loek"]
[Result "1/2-1/2"]
[WhiteElo "2739"]
[BlackElo "268"]
[Annotator "Âàñèëèé Ëåáåäåâ"]
[PlyCount "62"]

1. d4 Nf6 2. c4 e6 3. Nf3 d5 4. Nc3 dxc4 5. e4 Bb4 6. Bg5 c5 7. Bxc4 cxd4 8.
Nxd4 Bxc3+ 9. bxc3 Qa5 10. Bb5+ Nbd7 11. Bxf6 gxf6 12. h4 {È óçðåâ ïåðåä ñîáîé
íîâèíêó, Ëåâîí íà÷àë òâîðèòü. Ïðè÷¸ì, «ñî ñòðàøíîé ñèëîé». È â èòîãå, â
î÷åðåäíîé ðàç çàïóòàâ Ëþêà âàí Âåëè, «óêðàë» (â ñàìûé ïîñëåäíèé ìîìåíò!) ó
ãîëëàíäñêîãî øàõìàòèñòà ïîáåäó.} a6 $146 (12... Qxc3+ $145 13. Kf1 Qa5 14. Rc1
Ke7 15. Rh3 Rd8 16. Rhc3 Ne5 17. a4 Qb4 18. Rc7+ Kf8 19. Qh5 (19. f4 Rxd4 20.
Qh5 Nd7) 19... Qxd4 20. Qh6+ Kg8 21. Qxf6 a6 22. f4 Qf2+ $1 {
(0-1 Chernin,A (2600) - Almasi,I (2375)/Hungary 1995).}) 13. Be2 $5 Nc5 {
È ïîä áîåì äâà ïåõîòèíöà - íà å4 è íà ñ3.} ({Âçÿòü ïåøêó -} 13... Qxc3+ {
Ëþê òóò íå ðèñêíóë. Äà è êòî áû íà ýòî ïðîòèâ Àðîíÿíà îñìåëèëñÿ? Ðàçâå ÷òî
Àíàíä, ðàçâå ÷òî Êðàìíèê, ðàçâå ÷òî Êàðëñåí...}) 14. Rh3 $5 {
À äëÿ ÷åãî òîãäà, ñïðàøèâàåòñÿ áåëûå õîäèëè h2-h4 íà 12-ì õîäó?} ({
Îäíàêî, âðîäå, íå õóæå áûëî} 14. O-O $5 Nxe4 $140 15. Bf3 Nxc3 16. Qd2 $1 $32 {
, ÷òî âïîëíå êîìïåíñèðóåò íåäîñòà÷ó «êàêèõ-òî» äâóõ ïåøåê. Âåäü, êðîìå
âñåãî ïðî÷åãî, êîíü ñâÿçàí...} Bd7 17. Rfe1 $1 Rc8 18. Qf4 ({
è íàòèñê óñèëèâàåòñÿ; íî íå} 18. Rac1 Rc4 $1 19. Re3 $140 $4 Ne2+ $1)) 14...
Nxe4 15. Re3 f5 16. Bf3 Bd7 17. Rb1 {Íàñêîëüêî ÿ ïîíÿë, õîä íåìíîãî íå òóäà.} (
{Èíòåðåñíûå (íî íè÷åéíûå) âàðèàíòû ðàçâîðà÷èâàëèñü íà äîñêå ïîñëå} 17. Bxe4
fxe4 18. Qb1 $1 (18. Qg4 $5) 18... Rc8 19. Qxb7 Rxc3 20. Kf1 $1 f5 ({è ïîñëå} 
20... Rxe3 {ó ìåíÿ «íàêîïàëîñü» ðàâåíñòâî -} 21. fxe3 ({ïðîèãðûâàåò} 21. Qa8+
Ke7 22. Qxh8 Qc3 {è ò.ä.}) 21... Bb5+ ({ñëèøêîì ñìåëî} 21... f5 $6 22. Rc1 Rf8
23. Rc7 {è ò.ä.}) 22. Nxb5 Qxb5+ 23. Qxb5+ axb5 24. a4 $1 ({õóæå} 24. Rb1 {
èç-çà} O-O $1 25. Rxb5 Ra8 26. Rb2 Ra3 {è ò.ä.}) 24... bxa4 25. Rxa4 $11) {
È òåïåðü, êàê è â ïàðòèè, íî ñ ãîðàçäî áîëåå ñèëüíûì ýôôåêòîì, ñëåäóåò} 21.
Nxe6 $1 $11 {Ïðè÷¸ì ÷¸ðíûå äîëæíû áûòü âåñüìà òî÷íûìè -} Qe5 $1 ({íî íå} 
21... Bxe6 $4 22. Qg7 $18) ({à åñëè} 21... Rxe3 {, òî} 22. Nc7+ Kf7 23. fxe3
Rc8 $140 24. Rd1 Rxc7 25. Rxd7+ Rxd7 26. Qxd7+ Kg6 27. Qe8+ Kg7 28. Qe7+ Kg6
29. Qg5+ Kf7 30. g4 {, è ÷¸ðíûì íåóþòíî}) 22. Qb2 $1 Rc5 23. Qxe5 Rxe5 24.
Nf4 $11) 17... Rc8 ({Ïîñëå} 17... Qxa2 $5 {íà êîíñòðóêòèâíóþ èäåþ çà áåëûõ
óäàëîñü íàáðåñòè ñîâñåì íå ñðàçó. Îòíþäü íå ñðàçó...} 18. Bxe4 fxe4 19. Rxb7
O-O-O $6 ({íî} 19... Qd5 $142 $1 20. Qb3 Rg8 $1) 20. Re2 $1 Qd5 $140 21. Ra7
Qc5 22. Rxa6 e5 ({åñëè} 22... Bb5 {, òî} 23. Ra5 Qxc3+ 24. Qd2 Qxd2+ 25. Rxd2
Bd3 26. Ra7 $1 $16) 23. Rc2 $1 Be6 24. Ra8+ Kc7 25. Nxe6+ fxe6 26. Rxd8 Rxd8
27. Qe2 {, è ó áåëûõ, ëèöåçðåþùèõ äèêîâèííóþ ïåøå÷íóþ êîíôèãóðàöèþ
ïðîòèâíèêà ïî ëèíèè «å», íèêàê íå ìîæåò áûòü õóæå!}) 18. Bxe4 (18. Rxb7 {
ìîãëî ïðèâåñòè ê ïåðåñòàíîâêå õîäîâ, à ìîãëî äàòü æèçíü ñàìîñòîÿòåëüíîìó
íè÷åéíîìó îòâåòâëåíèþ -} Rxc3 19. Kf1 Rxe3 20. fxe3 Qc5 21. Nxf5 $1 Bb5+ 22.
Kg1 exf5 23. Rb8+ Ke7 24. Rxh8 Qxe3+ 25. Kh2 ({êîíå÷íî, íå} 25. Kh1 $4 Nf2+ {
, è ÷¸ðíûå âûèãðûâàþò ôåðçÿ}) 25... Qf4+ 26. Kg1 Qe3+ 27. Kh2 $11) 18... fxe4
19. Rxb7 Rxc3 20. Kf1 Rxe3 21. fxe3 Qc3 22. Nxe6 $2 {
Ñìåëî, êðàñèâî, ïðîèãðûâàþùå...} ({Ïîñëå} 22. Nf5 $1 {
ïîëó÷àëàñü «ïðàâèëüíàÿ» íè÷üÿ -} Bb5+ (22... Qc6 $2 23. Rb8+ Bc8 24. Rxc8+
$1) ({èëè} 22... O-O 23. Ne7+ Kh8 24. Rxd7 {è ò.ä.}) 23. Kg1 exf5 24. Qd6 $1
Qe1+ 25. Kh2 Qxh4+ 26. Kg1 $11) 22... Qc4+ {
Ëþê áîðåòñÿ çà ïîáåäó, íî «îáðåòàåò» òîëüêî íè÷üþ...} ({
Óæå çíàêîìûå âàðèàíòû âîçíèêàëè â ñëó÷àå} 22... Bb5+ 23. Kg1 fxe6 24. Qd6 {
è ò.ä.}) ({À åñëè} 22... Bxe6 $2 {, áåëûå ïîáåæäàþò:} 23. Qd6 $1 Qf6+ 24. Kg1
Qd8 25. Rb8 Bc8 26. Qe5+ $1 Kd7 27. Rb1 $3 {
- ïðåêðàñíûé è âûèãðûâàþùèé «îòïðûã»! Ê ïðèìåðó,} Kc6 28. Qxe4+ Kc7 29. Qc4+
Kd6 30. Rd1+ {è ò.ä.}) 23. Kg1 Qxe6 24. Qd4 Rg8 $1 ({Ïîñëå} 24... f6 $2 {
ïðîáëåìû ÷¸ðíûõ îòíþäü íà óõîäèëè â ïðîøëîå -} 25. Rb6 $1 Qg4 26. Rxf6 Rg8
27. Qe5+ Kd8 28. Qb8+ Bc8 29. Qd6+ Qd7 30. Qc5 $44 {ñ èäååé Rd6.}) 25. Rb6 Qf5
({Èãðà «íà ìàò»} 25... Qg4 $6 {îáîðà÷èâàåòñÿ íè÷üåé -} 26. Qe5+ Be6 27.
Rb8+ Kd7 28. Rb7+ Ke8 29. Rb8+ Kd7 {ñ ïîâòîðåíèåì õîäîâ.}) 26. Qd6 Rg6 $2 {
Îò ãðåõà (è îò ïîáåäû) ïîäàëüøå?} ({
Áåñïðèñòðàñòíàÿ ìàøèíà âûäà¸ò äàæå äâà ïóòè ê âûèãðûøó -} 26... f6 $1 27. Rb8+
(27. Rxa6 Kf7 28. a4 $140 Qe6 {è ò.ä.}) 27... Kf7 28. Rb7 Rd8 $1 29. Qxa6 ({èëè
} 29. Qc7 Ke8) 29... Qd5 $19) ({È} 26... Bc8 $1 27. Qc6+ Kd8 28. Rb2 Rg6 29.
Rd2+ Ke7 {è ò.ä.}) 27. Rb8+ Bc8 28. Qc7 {
È íàäî ñïàñàòüñÿ. ×¸ðíûì. Ïðè÷¸ì ñ ïîìîùüþ æåðòâû -} Rxg2+ $1 29. Kxg2 Qf3+
30. Kg1 ({Èëè} 30. Kh2 Qf2+ 31. Kh1 Qf1+ 32. Kh2 $11) 30... Qd1+ 31. Kf2 Qd2+
1/2-1/2